Návrh automatizovaného systému riadenia zásobovania v Kovoplaste PMP Nitra záverečná práca postgraduálneho štúdia

Saved in:
Bibliographic Details
Main Author: Jusna, Juraj
Corporate Author: Vysoká škola ekonomická v Bratislave
Other Authors: Ivanička, Koloman
Format: Book
Language:Slovak
Published: Bratislava 1988
Tags: Add Tag
No Tags, Be the first to tag this record!

MARC

LEADER 00000nam a2200000 4500
001 c033149
005 20221219091840.6
041 0 |a slo 
044 |a SK 
245 1 0 |a Návrh automatizovaného systému riadenia zásobovania v Kovoplaste PMP Nitra  |b záverečná práca postgraduálneho štúdia  |c Juraj Jusna ; ved. práce Koloman Ivanička 
264 1 |a Bratislava  |c 1988 
300 |a 33 s. 
100 1 |a Jusna, Juraj 
700 1 |a Ivanička, Koloman 
710 2 |a Vysoká škola ekonomická v Bratislave